01020nam a2200277 i 4500003000900000005001700009007000300026008004100029020001500070040003000085082001300115100004000128245013200168250001800300264006700318300003900385336002700424337003400451338002800485504003100513590002700544910001400571942001400585952012600599999001700725DO-SdBNP20240923101835.0ta240923s1993 sp d 000 0 spa d a9284401321 aDO-SdBNPbspacBNPHUerda bM4782221 4autaMclntyre, Georgeeautor98664010aDesarrollo turístico sostenible :bguía para planificadores locales /cGeorge Mclntyre, Arlene Hetherington, Edward Inskeep a1a. edición 1aMadrid, España :bOrganización Mundial del Turismo,c1993. a234 páginas, bgraficasc24 cm. 2rdacontentatextobtxt 2rdamediaasin mediación bn 2rdacarrieravolumenbnc aBibliografía p: 233-234. aInventariado, 2024/ YL aYLockward 2ddccLBS1 00102ddc56708GRaBNPHUbBNPHUcCTd2012-09-03eDonación l0oBNPHU GR M478p2024-5444r2024-09-23w2024-09-23yLBS1 c57737d57737